|
|
|
|
| LEADER |
00892nam a2200229 a 4500 |
| 001 |
GR-MES6690 |
| 008 |
000323s mau 000 0 gre d |
| 020 |
|
|
|a 902775100
|
| 040 |
|
|
|a GrPaTEI
|b gre
|c GR-PaULI
|
| 040 |
|
|
|a GrPaTEI
|b gre
|c GR-PaULI
|
| 245 |
0 |
0 |
|a Course of mathematical logic /
|c Roland Fraisse
|n 2ος .
|p model theory.
|
| 260 |
|
|
|a Boston :
|b D.Reidel,
|c 1974
|
| 300 |
|
|
|a 192 σελ.
|
| 490 |
0 |
|
|a Synthese library. 69
|
| 500 |
|
|
|a περιέχει βιβλιογραφικές αναφορές
|
| 650 |
|
4 |
|a ΜΑΘΗΜΑΤΙΚΗ ΛΟΓΙΚΗ
|
| 650 |
|
4 |
|a μοντελα
|
| 700 |
0 |
|
|a FRAISSE ,ROLAND
|
| 942 |
|
|
|2 ddc
|
| 952 |
|
|
|0 0
|1 0
|2 ddc
|4 0
|6 511_300000000000000_FRA
|7 0
|9 277038
|a MSLG
|b MSLG
|c BSC
|d 2021-01-17
|e 24
|f 0
|g 0.00
|l 0
|o 511.3 FRA
|p 2420000015279
|r 2021-01-17 00:00:00
|t 1
|w 2021-01-17
|y BK15
|x 20000323 0 1
|x GrPaTEI
|
| 971 |
|
|
|a .b25851597
|b 15-04-20
|c 14-09-16
|
| 999 |
|
|
|c 160879
|d 160879
|